Catálogo

La estafa maestra : (Registro nro. 25375)

Detalles MARC
000 -LEADER
fixed length control field 01391cam a2200361 i 4500
001 - CONTROL NUMBER
control field 25375
003 - CONTROL NUMBER IDENTIFIER
control field Mx-PuUPA
005 - DATE AND TIME OF LATEST TRANSACTION
control field 20250926124734.0
008 - FIXED-LENGTH DATA ELEMENTS--GENERAL INFORMATION
fixed length control field 140415s2018 mx a gr 001 0 spa d
020 ## - INTERNATIONAL STANDARD BOOK NUMBER
International Standard Book Number 9786070747502
040 ## - CATALOGING SOURCE
Original cataloging agency Mx-PuUPA
Language of cataloging spa
Transcribing agency Mx-PuUPA
Modifying agency Mx-PuUPA
Description conventions rda
041 0# - LANGUAGE CODE
Language code of text/sound track or separate title spa
043 ## - GEOGRAPHIC AREA CODE
Geographic area code n-mx---
245 13 - TITLE STATEMENT
Title La estafa maestra :
Remainder of title graduados en desaparecer el dinero público /
Statement of responsibility, etc. Nayeli Roldán, Miriam Castillo, Manuel Ureste ; prólogo, Daniel Moreno
246 13 - VARYING FORM OF TITLE
Title proper/short title La e$tafa mae$tra :
Remainder of title graduados en desaparecer el dinero público
250 ## - EDITION STATEMENT
Edition statement Primera edición /
Remainder of edition statement impresa en México
264 #1 - PRODUCTION, PUBLICATION, DISTRIBUTION, MANUFACTURE, AND COPYRIGHT NOTICE
Place of production, publication, distribution, manufacture Ciudad de México :
Name of producer, publisher, distributor, manufacturer Temas de hoy,
Date of production, publication, distribution, manufacture, or copyright notice 2018
300 ## - PHYSICAL DESCRIPTION
Extent 213 páginas :
Other physical details ilustraciones,
Dimensions 23 cm
336 ## - CONTENT TYPE
Fuente rdacontent
Content type term texto
Content type code txt
337 ## - MEDIA TYPE
Source rdamedia
Media type term sin medio
Media type code n
338 ## - CARRIER TYPE
Source rdacarrier
Carrier type term volumen
Carrier type code nc
650 #7 - SUBJECT ADDED ENTRY--TOPICAL TERM
Source of heading or term armarc
Topical term or geographic name entry element Corrupción política
Geographic subdivision México
650 #7 - SUBJECT ADDED ENTRY--TOPICAL TERM
Source of heading or term armarc
Topical term or geographic name entry element Moneda
General subdivision Aspectos políticos
Geographic subdivision México
650 #7 - SUBJECT ADDED ENTRY--TOPICAL TERM
Source of heading or term armarc
Topical term or geographic name entry element Corrupción política
General subdivision Aspectos económicos
Geographic subdivision México
650 #7 - SUBJECT ADDED ENTRY--TOPICAL TERM
Source of heading or term armarc
Topical term or geographic name entry element Finanzas públicas
General subdivision Prácticas corruptas
Geographic subdivision México
700 1# - ADDED ENTRY--PERSONAL NAME
Personal name Roldán, Nayeli,
Relator term autor
700 1# - ADDED ENTRY--PERSONAL NAME
Personal name Castillo, Miriam,
Relator term autor
700 1# - ADDED ENTRY--PERSONAL NAME
Personal name Ureste, Manuel,
Relator term autor
700 1# - ADDED ENTRY--PERSONAL NAME
Personal name Moreno, Daniel,
Relator term autor de prólogo
942 ## - ADDED ENTRY ELEMENTS (KOHA)
Source of classification or shelving scheme Dewey Decimal Classification
Koha item type Libro
Classification part 364.13230972
Item part L58
Existencias
Withdrawn status Lost status Source of classification or shelving scheme Damaged status Not for loan Collection code Home library Current library Shelving location Date acquired Source of acquisition Cost, normal purchase price Total Checkouts Full call number Barcode Date last seen Cost, replacement price Price effective from Koha item type
    Dewey Decimal Classification     General Biblioteca Karol Wojtyla Biblioteca Karol Wojtyla Sala general 03/12/2013 Compra 0.00   364.13230972 L58 2018 47270 05/01/2026 0.00 03/12/2013 Libro